| 000 | 00494nam a22001817a 4500 | ||
|---|---|---|---|
| 005 | 20260311071534.0 | ||
| 008 | 260311b |||||||| |||| 00| 0 eng d | ||
| 020 | _a978-1-119-90967-5 | ||
| 082 | _a515 R989 2023 | ||
| 100 |
_aRyan, Mark _9413 |
||
| 245 |
_aCalculus: _ball-in-one / _cMark Ryan |
||
| 260 |
_aHoboken, NJ: _bJohn Wiley, _cc2023 |
||
| 300 |
_axiii, 637p.: _bill. |
||
| 490 | _aFor dummies a Wiley brand | ||
| 504 | _aIncludes index | ||
| 541 | _e7973 c.1 | ||
| 650 |
_aCalculus _9372 |
||
| 999 |
_c2567 _d2567 |
||